[Event "Lueneburg distr-ch Haupt"]
[Site "Bergen"]
[Date "2018.10.12"]
[Round "4.10"]
[White "Mitzko, Berthold"]
[Black "Schneider, Peter"]
[Result "1/2-1/2"]
[WhiteElo "1607"]
[BlackElo "1744"]
[PlyCount "42"]
[EventDate "2018.10.11"]
[EventType "swiss"]
[EventRounds "7"]
[EventCountry "GER"]
[SourceTitle "EXT 2020"]
[Source "ChessBase"]
[SourceDate "2019.10.17"]
[SourceVersion "1"]
[SourceVersionDate "2019.10.17"]
[SourceQuality "1"]

1. d4 f5 2. Bf4 Nf6 3. e3 e6 4. Nf3 d6 5. Nbd2 Be7 6. c3 b6 7. Bc4 0-0 8. Ng5 d5 9. Bb3 Ne4 10. Ndxe4 fxe4 11. Nh3 Nd7 12. Bg3 c5 13. Nf4 Nf6 14. c4 cxd4 15. Qxd4 Bb4+ 16. Kf1 Bc5 17. Qd2 Re8 18. Rd1 Ba6 19. Qc2 Qe7 20. a3 Rad8 21. Ke1 Bxe3 1/2-1/2

[Event "Niedersachsen-ch op-B"]
[Site "Verden"]
[Date "2015.01.05"]
[Round "7"]
[White "Moerke, Niklas"]
[Black "Mitzko, Berthold"]
[Result "1-0"]
[WhiteElo "1444"]
[BlackElo "1625"]
[PlyCount "57"]
[EventDate "2015.01.02"]
[EventType "swiss"]
[EventRounds "7"]
[EventCountry "GER"]
[SourceTitle "EXT 2018"]
[Source "ChessBase"]
[SourceDate "2017.10.13"]
[SourceVersion "1"]
[SourceVersionDate "2017.10.13"]
[SourceQuality "1"]

1. e4 c5 2. Nf3 e6 3. d4 cxd4 4. Nxd4 a6 5. Be3 Qc7 6. Nc3 Nf6 7. f3 d6 8. Qd2 Be7 9. 0-0-0 0-0 10. h4 Nbd7 11. h5 Rd8 12. g4 Nf8 13. g5 Ne8 14. Bd3 d5 15. e5 Bb4 16. a3 Bxc3 17. Qxc3 Qxe5 18. Qd2 Qc7 19. g6 f5 20. gxh7+ Kxh7 21. Bg5 Rd7 22. Nxe6 Nxe6 23. Bxf5+ Kh8 24. Bxe6 Rd6 25. Bxc8 Qxc8 26. h6 g6 27. Qd4+ Kh7 28. Rde1 Rd7 29. Re3 1-0